| 000 | 00371nam a2200121Ia 4500 | ||
|---|---|---|---|
| 008 | 220615s9999||||xx |||||||||||||| ||und|| | ||
| 245 | 4 | _aThe Eye and Foot in Diabetes | |
| 546 | _aEnglish[eng] | ||
| 650 | _aEndocrinology | ||
| 700 | _aGrigsby, Jeffery||Derbel, Fethi | ||
| 856 | _uhttps://mts.intechopen.com/storage/books/9163/authors_book/authors_book.pdf | ||
| 942 | _cEB | ||
| 999 |
_c13146 _d13146 |
||